Bytový dom

Enregistré dans:
Détails bibliographiques
Auteur principal: Smetanka, Filip (Auteur)
Autres auteurs: Paulovičová, Lucia (Directeur de thèse)
Format: Manuscrit Livre
Langue:slovaque
Publié: 2025
Sujets:
Accès en ligne:http://is.stuba.sk/zp/portal_zp.pl?podrobnosti=174813
CRZP
Tags: Ajouter un tag
Pas de tags, Soyez le premier à ajouter un tag!

MARC

LEADER 00000ntm a22000003a 4500
001 stuzp104756
003 SK-STU
005 20250729105420.1
007 ta
008 150427s2015----xo-----f-mn---000-0-slo-d
040 |a STU  |b slo 
041 0 |a slo 
100 1 |a Smetanka, Filip  |u 010270  |4 aut  |U SvF Stavebná fakulta  |T SvF Katedra technológie stavieb  |X 120354  |U V270  |Y 28  |7 120354 
242 0 1 |a Apartment House  |y eng 
245 1 0 |a Bytový dom 
260 |c 2025 
650 4 |a Bytový dom  |2 slo 
650 4 |a vegetačná vertikálna stena  |2 slo 
650 4 |a Bio Tile  |2 slo 
650 4 |a stavenisko  |2 slo 
650 4 |a vegetácia  |2 slo 
650 4 |a Apartment building  |2 eng 
650 4 |a vegetation vertical wall  |2 eng 
650 4 |a Bio Tile  |2 eng 
650 4 |a construction site  |2 eng 
650 4 |a vegetation  |2 eng 
700 1 |a Paulovičová, Lucia  |u 010270  |k Z8  |4 ths  |U SvF Stavebná fakulta  |T SvF Katedra technológie stavieb  |X 52129  |U V270  |Y 28  |7 A000052129 
856 4 |u http://is.stuba.sk/zp/portal_zp.pl?podrobnosti=174813 
856 4 |u https://opac.crzp.sk/?fn=detailBiblioForm&sid=EE8AF2E76B4BE2A868AAC593824A  |z CRZP